00648nam a22001937a 450000500170000000800410001701700300005802000180008804000230010608200220012910000180015124501150016926000450028430000280032950400290035765000270038665000310041365100100044420240530110800.0190122s2015 uk f f b 000 0 eng d bمصر. دار الكتب a9781783267408 aEG-CaGPLcEG-CaGPL04221a751.58 /bR S1 aRagai, Jehane14aThe Scientist and the Forger :bInsights into the Scientific Detection of Forgery in Paintings /cJehane Ragai alondon :bImperial College Press,c2015. a258 p. :bill ;c19 cm. aIncludes bibliographical04aArtxPsychology2qrmak04aPaintingxForgeries2qrmak 2qrmak